UBT Library

The Wal-Mart effect : (Record no. 40501)

000 -LEADER
fixed length control field 00970cam a22002774a 4500
001 - CONTROL NUMBER
control field 14163897
005 - DATE AND TIME OF LATEST TRANSACTION
control field 20180118090817.0
008 - FIXED-LENGTH DATA ELEMENTS--GENERAL INFORMATION
fixed length control field 051102s2006 nyu b 001 0 eng
010 ## - LIBRARY OF CONGRESS CONTROL NUMBER
LC control number 2005055522
020 ## - INTERNATIONAL STANDARD BOOK NUMBER
International Standard Book Number 1594200769
035 ## - SYSTEM CONTROL NUMBER
System control number (OCoLC)ocm62282449
040 ## - CATALOGING SOURCE
Original cataloging agency DLC
Transcribing agency DLC
Modifying agency IG#
-- BAKER
-- IXA
-- DLC
041 ## - LANGUAGE CODE
Language code of text/sound track or separate title eng
042 ## - AUTHENTICATION CODE
Authentication code pcc
043 ## - GEOGRAPHIC AREA CODE
Geographic area code n-us---
080 ## - UNIVERSAL DECIMAL CLASSIFICATION NUMBER
Universal Decimal Classification number 381/.1490973 FIS
082 00 - DEWEY DECIMAL CLASSIFICATION NUMBER
Classification number 381/.1490973 FIS
Edition number 22
100 1# - Rafti
Rafti 52
101 ## - Shkurtesa
Shkurtesa ECO
245 14 - TITLE STATEMENT
Title The Wal-Mart effect :
Statement of responsibility, etc Charles Fishman.
246 3# - VARYING FORM OF TITLE
Title proper/short title Walmart effect
504 ## - BIBLIOGRAPHY, ETC. NOTE
Bibliography, etc Includes bibliographical references (p. 263-283) and index.
906 ## - LOCAL DATA ELEMENT F, LDF (RLIN)
a 7
b cbc
c orignew
d 1
e ocip
f 20
g y-gencatlg
942 ## - ADDED ENTRY ELEMENTS (KOHA)
Source of classification or shelving scheme
Item type Books
Holdings
Withdrawn status Lost status Source of classification or shelving scheme Damaged status Not for loan Collection code Permanent location Current location Shelving location Date acquired Total Checkouts Full call number Barcode Date last seen Price effective from Koha item type
          Koleksioni i përgjithshem UBT - Lipjan UBT - Lipjan Koleksioni i përgjithshem 01/18/2018   381/.1490973 FIS 002-2995855 01/18/2018 01/18/2018 Books
UBT Library © 2015-2024. All rights reserved University Education for Business and Technology